• 首页
  • 本馆介绍
  • 公告通知
  • 最新文献
  • 馆藏检索
  • 电子资源
  • 读者导购
  • 参考咨询
  • 我的图书馆
  • 登录
  • 详细信息显示
  • 放入我的书架
  • 预约/预借图书
  • 作者相关作品
  • 分类相关作品
  • 丛书相关作品
  • 出版社相关作品

书目信息

  • 表格格式
  • 工作单格式
  • 卡片格式
题名:
马基雅维里主义
    
 
作者: 迈内克 著 ;时殷弘 译
分册:  
出版信息: 北京   商务印书馆  2008
页数: 603页
开本: 20cm
丛书名: 汉译世界学术名著丛书
单 册:
中图分类: B546
科图分类:
主题词: 哲学思想
电子资源:
ISBN: 978-7-100-05504-8
000 01517oam2 2200325 450
001 1134808986
005 20111004094105.17
010    @a978-7-100-05504-8@dCNY36.00
100    @a20080616d2008 em y0chiy50 ea
101 1  @achi@beng@cger
102    @aCN@b110000
105    @ay z 000yy
200 1  @a马基雅维里主义@9ma ji ya wei li zhu yi@e“国家理由”观念及其在现代史上的地位@f(德)弗里德里希·迈内克(Fridrich Meinecke)著@g时殷弘译
210    @a北京@c商务印书馆@d2008
215    @a603页@d20cm
225 2  @a汉译世界学术名著丛书
305    @a据R.奥尔登堡出版社1924年德文版并参考其英译本译出
312    @a英文原名:Machiavellism: the doctrine of raison d'etat and its place in modern history
330    @a马基雅维里(Machiavelli,1469~1527)是意大利政治家和历史学家,以主张为达目的可以不择手段而著称于世,马基雅维里主义(machiavelliansm)也因之成为权术和谋略的代名词等。
461  0 @12001 @a汉译世界学术名著丛书
510 1  @aMachiavellism@ethe doctrine of raison d'etat and its place in modern history@zeng
517 1  @a“国家理由”观念及其在现代史上的地位@9“ guo jia li you” guan nian ji qi zai xian dai shi shang de di wei
600  0 @a马基雅维里@c(Machiavelli, Niccolo@f1469~1527)@x哲学思想@x研究
600  0 @a马基雅维里@c(Machiavell, Niccolo@f1469~1527)
606 0  @a哲学思想
690    @aB546@v4
701  0 @c(德)@a迈内克@9mai nei ke@c(Meinecke, Fridrich@f1862~1954)@4著
702  0 @a时殷弘@9shi yin hong@f(1951~)@4译
801  0 @aCN@b91MARC@c20101222
905    @a10447@dB546@eJY140
    
    马基雅维里主义:“国家理由”观念及其在现代史上的地位/(德)弗里德里希·迈内克(Fridrich Meinecke)著/时殷弘译.-北京:商务印书馆,2008
    603页;20cm.-(汉译世界学术名著丛书)
    
    
    ISBN 978-7-100-05504-8:CNY36.00
    马基雅维里(Machiavelli,1469~1527)是意大利政治家和历史学家,以主张为达目的可以不择手段而著称于世,马基雅维里主义(machiavelliansm)也因之成为权术和谋略的代名词等。
●
相关链接 在E读中查询图书 在五车中查询图书 在当当中查询图书 在豆瓣中查询图书


正题名:马基雅维里主义     索取号:B546/JY140         预约/预借

序号 登录号 条形码 馆藏地/架位号 状态 备注
1 7809936   278099362   学院路分馆/ [索取号:B546/JY140] 在馆    
2 7809937   278099371   学院路分馆/ [索取号:B546/JY140] 在馆    
唐山师范学院图书馆 欢迎您!
大连网信软件有限公司© 版权所有